| 000 | 00655nam a22001937a 4500 | ||
|---|---|---|---|
| 003 | JO-AjAnu | ||
| 005 | 20240611101141.0 | ||
| 008 | 240611b jo ||||| |||| 00| 0 ara d | ||
| 020 | _a9789957762629 | ||
| 040 |
_aJO-AjAnu _bARA _cJO-AjAnu |
||
| 041 | _hara | ||
| 100 |
_aالحفيظ، عماد محمد ذياب _eمؤلف _965454 |
||
| 245 | 0 |
_aالغذاء ومخاطره على الإنسان _c/ عماد محمد ذياب الحفيظ |
|
| 250 | _aالطبعه 1 | ||
| 260 |
_aعمان: _bدار الرضوان للنشر والتوزيع، _c2020 |
||
| 300 | _a175 صفحه | ||
| 650 | _vالأغذية-جوانب صحية | ||
| 942 |
_2lcc _cBK _n0 |
||
| 999 |
_c33532 _d33532 |
||